000 00323nam a22001337a 4500
008 180125b xxu||||| |||| 00| 0 eng d
020 _a9780072536690
041 _aeng
080 _a330.722.6
100 _a62
101 _akon
245 _afinancial accouting information for decisions
_cwild.j.j
942 _2udc
_cBK
999 _c40936
_d40936